Normal view
MARC view
- MICROWAVE CIRCUITS MATERIALS
Entry Topical Term
001 - CONTROL NUMBER
- control field: 67339
003 - CONTROL NUMBER IDENTIFIER
- control field: NUST
005 - DATE AND TIME OF LATEST TRANSACTION
- control field: 20210628203808.0
008 - FIXED-LENGTH DATA ELEMENTS
- fixed length control field: 210628|| aca||aabn | a|a d
040 ## - CATALOGING SOURCE
- Original cataloging agency: NUST
- Transcribing agency: NUST
150 ## - HEADING--TOPICAL TERM
- Topical term or geographic name entry element: MICROWAVE CIRCUITS MATERIALS
670 ## - SOURCE DATA FOUND
- Source citation: Work cat.: (NUST): Laverghetta, Thomas 67338, Microwave materials and fabrication techniques, 1991
